Environment. (Record no. 22373)

000 -LEADER
fixed length control field 00492cas a2200193 4500
020 ## - INTERNATIONAL STANDARD BOOK NUMBER
ISBN 0072365498
022 0# - INTERNATIONAL STANDARD SERIAL NUMBER
ISSN 0272-9008
040 ## - CATALOGING SOURCE
Transcribing agency IAS
082 ## - DEWEY DECIMAL CLASSIFICATION NUMBER
Classification number 304 ENV 2000 C284 Or.
245 00 - TITLE STATEMENT
Title Environment.
246 14 - VARYING FORM OF TITLE
Title proper/short title Annual editions: Environment
260 ## - PUBLICATION, DISTRIBUTION, ETC. (IMPRINT)
Place of publication Guilford, Ct. :
Name of publisher Dushkin Pub. Group.
300 ## - PHYSICAL DESCRIPTION
Number of Pages volumes :
Other physical details illustrations ;
Dimensions 28 cm
650 #0 - SUBJECT ADDED ENTRY--TOPICAL TERM
Topical Term Pollution
650 #0 - SUBJECT ADDED ENTRY--TOPICAL TERM
Topical Term Ecology
650 #0 - SUBJECT ADDED ENTRY--TOPICAL TERM
Topical Term Environmental protection
650 #0 - SUBJECT ADDED ENTRY--TOPICAL TERM
Topical Term Nature conservation
942 ## - ADDED ENTRY ELEMENTS (KOHA)
Koha item type ADB
952 ## - LOCATION AND ITEM INFORMATION (KOHA)
Withdrawn status [LOCAL, KOHA] 0
Holdings
Permanent Location Date acquired Koha item type Lost status Shelving location Barcode Current Location Full call number
Library Block C2023-12-11ADB C284a17823Library Block C304 ENV 2000 C284 Or.
មជ្ឈមណ្ឌលឯការនៃសាកលវិទ្យាល័យភូមិន្ទកសិកម្មចំការដូង

Powered by Koha